000 00946nam a2200277Ia 4500
003 OSt
005 20220923222312.0
006 a|||||r|||| 00| 0
007 ta
008 220922b |||||||| |||| 00| 0 mar d
024 _a204,401
037 _cTextual
040 _aARTS
_cARTS
_bmar
041 _2mar
_amar
082 _aO155,3N40,MR, 152L4;M0
100 _aसांवत, शिवाजी; ओम शिवराज, अनु.
_9166692
245 0 _aमृत्युंजय
246 _aMṛutyuanjaya
250 _aसंस्क 3
260 _aदिल्ली
_b भारतीय ज्ञानपीठ
_c1980
300 _a756पृ0
_ccm.
490 _ayksdksn; xzaFkekyk( 363
650 _aमराठी साहित्य
942 _hO155,3N40,MR, 152L4;M0
_cTEXL
_2CC
999 _c355150
_d355150